000 00424nam a22001697a 4500
005 20180717130220.0
008 160511b xxu||||| |||| 00| 0 eng d
020 _a81-259-0553-7
041 _aeng
082 _b1283
_a658.1511
100 _aBhattacharya S.K.
_94536
245 _aAccounting for Management
260 _bVikas Publishing house Pvt. Ltd.
_c2004
300 _a419p,
650 _aManagement
_9241
942 _cBK
999 _c551
_d551